Countries Visited by the Tour de France - Statistics

General Stats
  • This quiz has been taken 8,256 times
    3,822 since last reset
  • The average score is 13 of 14
Answer Stats
Country % Correct
Belgium
98%
Italy
98%
Spain
98%
Germany
97%
France
96%
Netherlands
96%
Switzerland
94%
Andorra
93%
Luxembourg
93%
United Kingdom
93%
Denmark
90%
Monaco
88%
Ireland
82%
San Marino
72%
No matching quizzes found
Score Distribution
Percent of People with Each Score
Percentile by Number Answered
Your Score History
You have not taken this quiz since the last reset